000 00436nam a2200181Ia 4500
001 13799
005 20260306164827.0
008 260306t2006||||xx |||||||||||||| ||spa||
041 _aESP
082 _a005.3
_bG45
100 _aGilat, Amos
_eAUT
245 0 _aMatlab:
_buna introducción con ejemplos prácticos
260 _c2006
300 _a331 páginas :
_cil.
650 _aGEN
654 _aCCC
942 _cLIB
_dJUS
_fJUS
_2ddc
_n
999 _c13799
_d13799